[Event "54. Abierto Mexicano de Ajedrez 2009"]
[Site "Santa Ana"]
[Date "2009.04.11"]
[Round "8.6"]
[White "Sanchez Enriquez, Oscar Gerardo"]
[Black "Espinosa Flores, Rafael Emilio"]
[Result "1/2-1/2"]
[WhiteElo "2282"]
[BlackElo "2410"]
[PlyCount "59"]
[EventDate "2009.04.07"]
[EventType "swiss"]
[EventRounds "9"]
[EventCountry "MEX"]
[Source "lmi"]
[SourceDate "2009.04.07"]

1. e4 c5 2. Nf3 Nc6 3. Nc3 e5 4. Bc4 Be7 5. d3 Nf6 6. Ng5 O-O 7. f4 exf4 8.
Bxf4 d6 9. O-O Bg4 10. Qd2 Nd4 11. Kh1 Rb8 12. e5 dxe5 13. Bxe5 Rc8 14. a4 Bh5
15. Nge4 Nxe4 16. Nxe4 Bg6 17. Rae1 Kh8 18. Nc3 a6 19. a5 Bg5 20. Qf2 Nc6 21.
Nd5 Nxa5 22. Ba2 Nc6 23. Bg3 Qa5 24. Bb1 Rfe8 25. h4 Rxe1 26. Rxe1 Bd2 27. Rf1
Re8 28. c3 Bh6 29. Nc7 Rg8 30. Qf3 1/2-1/2

[Event "54. Abierto Mexicano de Ajedrez 2009"]
[Site "Santa Ana"]
[Date "2009.04.11"]
[Round "8.7"]
[White "Gonzalez Zamora, Juan Carlos"]
[Black "Lares Flores, Manuel de Jesus"]
[Result "1-0"]
[WhiteElo "2552"]
[BlackElo "2292"]
[PlyCount "75"]
[EventDate "2009.04.07"]
[EventType "swiss"]
[EventRounds "9"]
[EventCountry "MEX"]
[Source "lmi"]
[SourceDate "2009.04.07"]

1. d4 Nf6 2. c4 g6 3. Nc3 Bg7 4. e4 d6 5. Be2 O-O 6. Nf3 Nbd7 7. O-O e5 8. Re1
exd4 9. Nxd4 Nc5 10. f3 a5 11. Be3 c6 12. b3 Qc7 13. Qd2 Bd7 14. Rad1 Rad8 15.
Kh1 Bc8 16. Bg5 b6 17. Bf1 Bb7 18. a3 Rfe8 19. b4 axb4 20. axb4 Ne6 21. Be3
Nxd4 22. Bxd4 c5 23. Nb5 Qb8 24. Be3 Bc6 25. Bf4 Bxb5 26. cxb5 Bf8 27. bxc5
bxc5 28. Bc4 Qc7 29. Bg5 Bg7 30. Rb1 Qb6 31. Qa2 Rd7 32. Qa6 Qd8 33. b6 h6 34.
Bxf6 Bxf6 35. Bb5 Rde7 36. Bxe8 Rxe8 37. b7 Qc7 38. e5 1-0

[Event "54. Abierto Mexicano de Ajedrez 2009"]
[Site "Santa Ana"]
[Date "2009.04.11"]
[Round "8.8"]
[White "Hernandez Guerrero, Gilberto"]
[Black "Pina Vega, Sulennis"]
[Result "1-0"]
[WhiteElo "2543"]
[BlackElo "2262"]
[PlyCount "49"]
[EventDate "2009.04.07"]
[EventType "swiss"]
[EventRounds "9"]
[EventCountry "MEX"]
[Source "lmi"]
[SourceDate "2009.04.07"]

1. e4 c5 2. Nc3 e5 3. Bc4 d6 4. d3 Nf6 5. f4 Nc6 6. Nf3 Be7 7. O-O a6 8. Nd5 b5
9. Nxf6+ Bxf6 10. Bd5 Bd7 11. fxe5 dxe5 12. Ng5 Qe7 13. Nxf7 Rf8 14. Ng5 O-O-O
15. Nf3 g5 16. Be3 g4 17. Nd2 Bg5 18. Bxg5 Qxg5 19. Bxc6 Bxc6 20. Qe2 g3 21.
hxg3 Qxg3 22. Rxf8 Rxf8 23. Rf1 Rg8 24. Rf3 Qg6 25. Qf2 1-0